Central Library and Information Centre
Sibsagar Girls' College, Sivasagar : Assam

ARTHABIGYAN PARICHAI (Record no. 2712)

MARC details
000 -LEADER
fixed length control field 00397cam a2200181ua 4500
008 - FIXED-LENGTH DATA ELEMENTS--GENERAL INFORMATION
fixed length control field 131128n1973 II |||gr||||Z||||||asm
040 ## - CATALOGING SOURCE
Original cataloging agency MAIN
041 ## - LANGUAGE CODE
-- English
082 ## - DEWEY DECIMAL CLASSIFICATION NUMBER
Classification number 330 GOS
100 ## - MAIN ENTRY--PERSONAL NAME
Personal name GOSWAMI , HEM.
245 ## - TITLE STATEMENT
Title ARTHABIGYAN PARICHAI
250 ## - EDITION STATEMENT
Edition statement 1ST.
260 ## - PUBLICATION, DISTRIBUTION, ETC.
Place of publication, distribution, etc. GUWAHATI
Name of publisher, distributor, etc. BANI PRAKASH
Date of publication, distribution, etc. 1973
300 ## - PHYSICAL DESCRIPTION
Extent 239:
Dimensions 21CM.
942 ## - ADDED ENTRY ELEMENTS (KOHA)
Koha item type Books
653 ## - INDEX TERM--UNCONTROLLED
Uncontrolled term Economics
Holdings
Withdrawn status Lost status Damaged status Not for loan Collection code Home library Current library Shelving location Date acquired Full call number Barcode Date last seen Copy number Price effective from Koha item type Public note
Withdrawn       TBECO Central Library and Information Centre Sibsagar Girls College Central Library and Information Centre Sibsagar Girls College Staff Office 21.04.1972 330 GOS 03032 27.02.2020 1 27.02.2020 Books V
        TBECO Central Library and Information Centre Sibsagar Girls College Central Library and Information Centre Sibsagar Girls College Economics Rack 27.02.2020 330 GOS B124 27.02.2020 2 27.02.2020 Books  
        TBECO Central Library and Information Centre Sibsagar Girls College Central Library and Information Centre Sibsagar Girls College Economics Rack 27.02.2020 330 GOS B125 27.02.2020 3 27.02.2020 Books  


Sibsagar Girl's College © 2020. All rights reserved.
Powered by Koha.
Maintained by Abhijit Borpuzari.